|
|
|
|
| LEADER |
00000nab a2200000 a 4500 |
| 001 |
vtls000189958 |
| 003 |
SK-MaSNL |
| 005 |
20260303201644.0 |
| 008 |
111106c1984 xo 0 slo |
| 015 |
|
|
|a SNBRB19rr/mm-uuuuu
|
| 035 |
|
|
|a CL0200071
|
| 040 |
|
|
|a SNKBUCL
|b slo
|c SNKBUCL
|e AACR2
|
| 041 |
0 |
|
|a slo
|
| 044 |
|
|
|a xo
|c SK
|
| 080 |
|
|
|a 362.62
|2 1981
|
| 080 |
|
|
|a 340
|2 1981
|
| 100 |
1 |
|
|a -Li-
|4 aut
|9 915609
|
| 245 |
1 |
0 |
|a Aktuálne otázky ďalšieho zamestnania dôchodcov
|c -Li-
|
| 650 |
0 |
7 |
|a pracujúci dôchodcovia
|2 snkbucl
|9 73741
|
| 650 |
0 |
7 |
|a starobné dôchodky
|2 snkbucl
|9 73215
|
| 650 |
0 |
7 |
|a vdovské dôchodky
|2 snkbucl
|9 192656
|
| 655 |
|
7 |
|a články z novín a časopisov
|2 snkbucl
|9 267496
|
| 773 |
0 |
|
|t Národné poistenie
|g Roč. 16, č. 6 (1984), s. 5-8
|
| 850 |
|
|
|a Slovenská národná knižnica v Martine
|a MTA001
|
| 852 |
|
|
|a SNK
|b KIS3GCP
|
| 958 |
|
|
|a RK
|
| 992 |
|
|
|a RBX
|
| 999 |
|
|
|c 2175293
|d 2177223
|